Najbardziej ruchliwe lotniska Azji - Statystyki

Ogólne statystyki
  • Ten quiz został rozwiązany 1 341 razy
  • Średni wynik to 15 z 28
Statystyki odpowiedzi
Mln pasażerów
rocznie
Miasto % Poprawnych
52,9 Pekin (Capital)
97%
39,4 Pekin (Daxing)
97%
78,7 Tokio (Haneda)
97%
87,0 Dubaj
85%
42,5 Szanghaj (Hongqiao)
84%
54,5 Szanghaj (Pudong)
84%
56,2 Seul
83%
51,7 Bangkok
78%
58,9 Singapur
75%
49.1 Dżakarta
74%
72,2 Delhi
72%
47,2 Kuala Lumpur
66%
39,5 Hongkong
65%
37,1 Stambuł (Sabiha Gökçen)
64%
45,3 Manila
64%
51,6 Mumbaj
60%
45,9 Doha
59%
63,2 Kanton
52%
40,7 Ho Chi Minh
32%
41,4 Xi'an
29%
44,8 Chengdu
24%
44,7 Chongqing
19%
52,7 Shenzhen
16%
35,5 Antalya
15%
37,2 Bengaluru
13%
42,9 Dżedda
13%
41,2 Hangzhou
8%
42,1 Kunming
5%
Nie znaleziono quizów pasujących do podanych kryteriów
Rozkład punktacji
Procent ludzi z każdym wynikiem
Percentyl według liczby udzielonych odpowiedzi
Twoja historia wyników
Nie rozwiązałeś tego quizu